[Event "Canadian op U1200"]
[Site "Windsor"]
[Date "2016.07.17"]
[Round "6.61"]
[White "Boulanger, Brayden"]
[Black "Kapoor, Arjun"]
[Result "1-0"]
[WhiteElo "568"]
[BlackElo "689"]
[PlyCount "49"]
[EventDate "2016.07.10"]
[EventType "swiss"]
[EventRounds "9"]
[EventCountry "CAN"]
[SourceTitle "EXT 2022"]
[Source "ChessBase"]
[SourceDate "2021.10.06"]
[SourceVersion "1"]
[SourceVersionDate "2021.10.06"]
[SourceQuality "1"]

1. e4 e5 2. Nf3 d6 3. Bc4 Nc6 4. d3 Bg4 5. h3 Bxf3 6. Qxf3 Nge7 7. Nc3 Qd7 8. Qxf7+ Kd8 9. Qf3 g6 10. Qf6 Rg8 11. Bxg8 Nd4 12. 0-0 Nxc2 13. Rb1 c6 14. Qxf8+ Qe8 15. Qxe8+ Kxe8 16. Bxh7 d5 17. Na4 dxe4 18. dxe4 Nb4 19. Nc5 Rb8 20. Bg5 Nxa2 21. Ra1 b6 22. Nd3 Rd8 23. Rfd1 Nb4 24. Nxb4 Rxd1+ 25. Rxd1 1-0

[Event "IECC O-4204"]
[Site "IECC email"]
[Date "2016.02.15"]
[Round "?"]
[White "Takeuchi, Toshi"]
[Black "Boulanger, Brayden"]
[Result "1-0"]
[WhiteElo "1471"]
[BlackElo "1420"]
[PlyCount "47"]
[EventDate "2016.??.??"]
[EventType "swiss (corr)"]
[EventRounds "2"]
[SourceTitle "Corr 2020"]
[Source "ChessBase"]
[SourceDate "2019.09.30"]
[SourceVersion "1"]
[SourceVersionDate "2019.09.30"]
[SourceQuality "1"]
[WhiteTeam "United States"]
[BlackTeam "Canada"]
[WhiteTeamCountry "USA"]
[BlackTeamCountry "CAN"]

1. d4 Nf6 2. Nf3 Nc6 3. d5 Ne5 4. Nxe5 c6 5. Nc3 d6 6. Nf3 Bg4 7. e4 e5 8. dxe6 Bxe6 9. Bg5 g6 10. e5 dxe5 11. Qxd8+ Kxd8 12. Bxf6+ Be7 13. Bxh8 f6 14. Ne4 Bf5 15. 0-0-0+ Kc7 16. Bxf6 Bxf6 17. Nxf6 Rd8 18. Rxd8 Kxd8 19. Nxe5 h5 20. Bd3 Bg4 21. Nfxg4 hxg4 22. Nxg4 g5 23. h4 gxh4 24. Rxh4 1-0